00472nam a22001097a 4500082001300000100004400013245017800057260004100235300002000276563000900296856005700305 a340bSHE aShehryar, Muhammad Ayaan & Anwar, Areej aThe Integration of Blockchain Technology with Arbitration Mechanisms: bIts Efficacy and Implementation in International Arbitration /cMuhammad Ayaan Shehryar & Areej Anwar aIslamabad :bNUST Law School,c2025. a63 p. ;c30 CM. aHBK. uhttp://10.250.8.41:8080/xmlui/handle/123456789/56160